| 000 | 01063nam a2200241Ia 4500 | ||
|---|---|---|---|
| 999 |
_c37700 _d37700 |
||
| 001 | 3673 | ||
| 003 | GE_BSU | ||
| 005 | 20190527135334.0 | ||
| 008 | 181216s1971||||ge |||||||||||||| ||geo|| | ||
| 040 | _cGE_BSU | ||
| 041 | _ageo | ||
| 080 | _a514.18(076.1) გ–94 | ||
| 100 |
_aგულისაშვილი, თ _91617 |
||
| 245 |
_aმხაზველობითი გეომეტრიის ამოცანათა კრებული : დამხმ. სახელმძღვ. _cთ. გულისაშვილი ; რედ. ა.გულისაშვილი. |
||
| 250 | _aმეოთხე შესწ. გამოც. | ||
| 264 |
_aთბილისი : _bგანათლება, _c1971. |
||
| 300 |
_a338 გვ .: _c20 სმ. |
||
| 653 | _aგეომეტრია | ||
| 653 | _aმათემატიკა | ||
| 653 | _aმხაზველობითი გეომეტრია | ||
| 700 |
_aგულისაშვილი , ა _eრედაქტორი _91618 |
||
| 942 |
_cBK _2udc |
||